| 000 | 00897na a2200289 4500 | ||
|---|---|---|---|
| 001 | 14097 | ||
| 003 | MIRAKIL | ||
| 005 | 20181213155228.0 | ||
| 008 | 161101b tu 000 0 | ||
| 020 | _a9756817240 | ||
| 035 | _a14097 | ||
| 040 |
_aMilas _btur _cTR-AnCHP |
||
| 041 | _atur | ||
| 082 |
_a923.33 Yunus,M. _bY85y 2003 |
||
| 090 | _a923.33 Yunus,M. Y85y 2003 | ||
| 100 | _aYunus, Muhammed | ||
| 245 |
_aYoksulluğun bulunmadığı bir dünyaya doğru _cMuhammed Yunus;çeviren Gülden Şen |
||
| 260 |
_aİstanbul _bDoğan Kitap _c2003 |
||
| 300 |
_a365 s. _c22 sm. |
||
| 500 | _aÖzgün yapıt adı: Towards a poverty-free world | ||
| 600 |
_aYunus, Muhammed _cEkonomist _xAnılar |
||
| 610 |
_aGrameen Bankası _zBangladeş |
||
| 650 |
_aBankalar ve bankacılık _xTarih _zBangladeş |
||
| 651 |
_aBangladeş _xEkonomik durum |
||
| 700 | _aŞen, Gülden | ||
| 942 |
_2ddc _cBKS |
||
| 999 |
_c8936 _d8936 |
||